F. A. Hayek a teorie spontánního řádu

Gespeichert in:
Bibliographische Detailangaben
1. Verfasser: Pavlík, Ján
Format: Buch
Sprache:Tschechisch
Veröffentlicht: Praha Professional Publishing 2004
Schlagworte:
Tags: Tag hinzufügen
Keine Tags, Fügen Sie das erste Tag hinzu!

MARC

LEADER 00000nam$a2200000$$$4500
001 0029427
005 20221207102620.2
020 |a 80-86419-57-6 
041 0 |a cze 
044 |a CZ 
245 1 0 |a F. A. Hayek a teorie spontánního řádu  |c Ján Pavlík 
264 1 |a Praha  |b Professional Publishing  |c 2004 
300 |a 805 s. 
610 2 0 |a Hayek, F.A. 
610 2 0 |a teórie ekonomické 
610 2 0 |a filozofia 
610 2 0 |a dejiny teórií ekonomických 
610 2 0 |a dejiny myslenia ekonomického 
610 2 0 |a liberalizmus 
100 1 |a Pavlík, Ján